La gestin̤ del testimonio y la administracin̤ de las vc̕timas el escenario transicional en Colombia durante la Ley de Justicia y Paz /

Bibliographic Details
Main Author: Aranguren Romero, Juan Pablo
Format: eBook
Language:Spanish
Published: Bogot:̀ Siglo del Hombre Editores, 2012
Subjects:
Online Access:Acceso restringido

MARC

LEADER 00000nam a22000007a 4500
005 20210429220933.0
007 cr|||| ||||
008 210429s2012 co |||||s|||| 00||0 spa d
020 |a 978-958-665-204-9 
035 |a 33196 
040 |a vLex 
090 |c 11565  |d 11565 
100 1 |a Aranguren Romero, Juan Pablo 
245 1 2 |a La gestin̤ del testimonio y la administracin̤ de las vc̕timas  |h [Recurso electrn̤ico] :  |b el escenario transicional en Colombia durante la Ley de Justicia y Paz /  |c Juan Pablo Aranguren Romero 
256 |a Servicio en ln̕ea 
260 |a Bogot:̀  |b Siglo del Hombre Editores,  |c 2012 
300 |a 1 recurso electrn̤ico 
500 |a Este libro analiza el lugar que ocupan las vc̕timas de crm̕enes de Estado en Colombia en los escenarios transicionales creados a partir de la implementacin̤ de la ley de Justicia y Paz. Tomando como referencia los escenarios que han surgido a partir de esta ley, se consideran algunos marcos de participacin̤ determinados para las vc̕timas en los escenarios judiciales, algunas de las prc̀ticas que se generan como resultado de la reinsercin̤ paramilitar y algunos de los lugares que ocupan las memorias de las vc̕timas en las polt̕icas de memoria histr̤ica entre los aǫs 2005 y 2010. Coedicin̤ con CLACSO. 
506 1 |a Disponible solo en los productos indicados  |d vLex Global  |d vLex Global (Academic Edition, excluding Law Schools)  |d vLex Global (U.S. Academic Edition, Law Schools)  |d vLex Global (U.S. Academic Edition, excluding Law Schools)  |d vLex Global (Academic Edition, Law Schools) 
650 0 4 |a Ciencias sociales  |z Colombia 
650 0 4 |a Humanidades  |z Colombia 
740 0 |a vLex Libros (Servicio en ln̕ea) 
856 4 0 |u https://vlex.com/source/gestion-del-testimonio-y-la-administracion-de-las-victimas-el-escenario-transicional-en-colombia-durante-la-ley-de-justicia-y-paz-33196  |z Acceso restringido 
942 |c BOOK